Shaping the future of mental health care / (Record no. 1433)

MARC details
000 -LEADER
fixed length control field 01266cam a2200337 i 4500
005 - DATE AND TIME OF LATEST TRANSACTION
control field 20260322212100.0
008 - FIXED-LENGTH DATA ELEMENTS--GENERAL INFORMATION
fixed length control field data
010 ## - LIBRARY OF CONGRESS CONTROL NUMBER
LC control number 76-3437
020 ## - INTERNATIONAL STANDARD BOOK NUMBER
International Standard Book Number 0884101339
020 ## - INTERNATIONAL STANDARD BOOK NUMBER
International Standard Book Number 9780884101338
040 ## - CATALOGING SOURCE
Original cataloging agency DNLM
Transcribing agency DNLM
041 09 - LANGUAGE CODE
Language code of text/sound track or separate title eng
044 ## - COUNTRY OF PUBLISHING/PRODUCING ENTITY CODE
-- United States
060 00 - NATIONAL LIBRARY OF MEDICINE CALL NUMBER
Classification number WM 30
Item number S529 1975
096 ## - LOCALLY ASSIGNED NLM-TYPE CALL NUMBER (OCLC)
Classification number WM 30 W527s 1976
001 - CONTROL NUMBER
control field data
245 00 - TITLE STATEMENT
Title Shaping the future of mental health care /
Statement of responsibility, etc. edited by Robert J. Westlake.
246 3# - VARYING FORM OF TITLE
Title proper/short title Symposium on shaping the future of mental health care
246 3# - VARYING FORM OF TITLE
Title proper/short title Shaping the future : funding and planning for mental health care
260 ## - PUBLICATION, DISTRIBUTION, ETC.
Place of publication, distribution, etc. Cambridge, Mass. :
Name of publisher, distributor, etc. Ballinger,
Date of publication, distribution, etc. c1976.
300 ## - PHYSICAL DESCRIPTION
Extent xi, 121 p.
500 ## - GENERAL NOTE
General note Papers delivered at a two-day symposium entitled "Shaping the future: funding and planning for mental health care," held at Butler Hospital, Providence, R. I., Spring 1975.
520 ## - SUMMARY, ETC.
Summary, etc. Papers printed at the symposium held at Butler Hospital, Providence, R.I., Spring 1975.
590 ## - LOCAL NOTE (RLIN)
Local note Includes bibliographies.
650 #2 - SUBJECT ADDED ENTRY--TOPICAL TERM
Topical term or geographic name entry element Community Mental Health Services
Geographic subdivision United States
650 #2 - SUBJECT ADDED ENTRY--TOPICAL TERM
Topical term or geographic name entry element Health Planning
Geographic subdivision United States
650 #2 - SUBJECT ADDED ENTRY--TOPICAL TERM
Topical term or geographic name entry element Insurance, Psychiatric
Geographic subdivision United States
655 #2 - INDEX TERM--GENRE/FORM
Genre/form data or focus term Congresses
700 1# - ADDED ENTRY--PERSONAL NAME
Personal name Westlake, Robert J.,
Dates associated with a name 1935-
710 2# - ADDED ENTRY--CORPORATE NAME
Corporate name or jurisdiction name as entry element Butler Hospital.
Holdings
Withdrawn status Lost status Damaged status Not for loan Home library Current library Shelving location Date acquired Total checkouts Full call number Barcode Date last seen Price effective from Koha item type
        Riverside Riverside General stacks 22/03/2026   GEN BC0011480 22/03/2026 22/03/2026 Books